|
|
|
|
| LEADER |
00000naa2a2200000 4500 |
| 001 |
677671 |
| 005 |
20250114120541.0 |
| 090 |
|
|
|a 677671
|
| 100 |
|
|
|a 20241219d2024 k||y0rusy50 ca
|
| 101 |
0 |
|
|a eng
|
| 102 |
|
|
|a RU
|
| 135 |
|
|
|a drcn ---uucaa
|
| 200 |
1 |
|
|a Use of Artificial Intelligence in Preparation for Foreign Language Exam
|f А. И. Сафьянников
|g науч. рук. Aksenova N. V.
|
| 320 |
|
|
|a Литература: 6 назв
|
| 330 |
|
|
|a The article is devoted to the use of artificial intelligence in preparation for foreign language exams, in particular English. The article describes methods and tools for selftraining and application of AI in education. Specific examples are given for certain sections of exams. The author analyzes the relevance and convenience of using AI in preparation
|
| 336 |
|
|
|a Текстовый файл
|
| 463 |
|
1 |
|0 677503
|t Лингвистические и культурологические аспекты современного инженерного образования
|o сборник тезисов V Международной научно-практической конференции «Лингвистические и культурологические аспекты современного инженерного образования», Томск, 13-15 ноября 2024 г.
|f Национальный исследовательский Томский политехнический университет (ТПУ); гл. ред. Ю. В. Кобенко
|v С. 160-165
|d 2024
|9 677503
|c Томск
|n Изд-во ТПУ
|u conference_tpu-2024-C85_V1.pdf
|
| 610 |
1 |
|
|a электронный ресурс
|
| 610 |
1 |
|
|a труды учёных ТПУ
|
| 610 |
1 |
|
|a Artificial Intelligence
|
| 610 |
1 |
|
|a Speechace
|
| 610 |
1 |
|
|a ChatGPT
|
| 610 |
1 |
|
|a foreign language exams
|
| 610 |
1 |
|
|a independent preparation for exams
|
| 700 |
|
1 |
|a Сафьянников
|b И. А.
|c специалист в области инженерной педагогики
|c доцент Томского политехнического университета, кандидат технических наук
|f 1973-
|g Игорь Александрович
|9 12378
|
| 702 |
|
1 |
|a Aksenova
|b N. V.
|c linguist
|c Associate Professor of Tomsk Polytechnic University, Candidate of Philology
|f 1979-
|g Nataliya Valerievna
|4 727
|
| 801 |
|
2 |
|a RU
|b 63413507
|c 20241219
|g RCR
|
| 856 |
4 |
|
|u http://earchive.tpu.ru/handle/11683/82016
|z http://earchive.tpu.ru/handle/11683/82016
|
| 942 |
|
|
|c CF
|